[Event "GER-ch53 V03 email"]
[Site "GER email"]
[Date "2021.04.21"]
[Round "?"]
[White "Andersen, Jens"]
[Black "Schmidt, Volkmar"]
[Result "1/2-1/2"]
[WhiteElo "2071"]
[BlackElo "2111"]
[PlyCount "72"]
[EventDate "2021.04.21"]
[EventType "tourn (corr)"]
[EventRounds "10"]
[EventCountry "GER"]
[SourceTitle "Corr 2024"]
[Source "ChessBase"]
[SourceDate "2023.10.19"]
[SourceVersion "1"]
[SourceVersionDate "2023.10.19"]
[SourceQuality "1"]

1. d4 Nf6 2. c4 e6 3. Nc3 Bb4 4. e3 0-0 5. Bd2 d5 6. Nf3 b6 7. cxd5 exd5 8. Rc1 Be7 9. Bd3 Bb7 10. 0-0 Nbd7 11. Be1 c5 12. Ne5 cxd4 13. Nxd7 Qxd7 14. Nb5 Ba6 15. Nxd4 Bxd3 16. Qxd3 Rac8 17. Rxc8 Rxc8 18. Bc3 Ne4 19. Ne2 Qc6 20. Rd1 Qc4 21. Qd4 Nxc3 22. Nxc3 Qxd4 23. Rxd4 Bf6 24. Rxd5 Bxc3 25. bxc3 Kf8 26. Rd3 Ke7 27. Kf1 Rc4 28. Ke2 Ke6 29. h3 h5 30. Kd1 Ra4 31. Rd2 Ra3 32. Rc2 Kd5 33. Kc1 Kc4 34. Kb2 Kd3 35. Kxa3 Kxc2 36. Kb4 Kd2 1/2-1/2

[Event "GER-ch46 V03 email"]
[Site "GER email"]
[Date "2014.04.03"]
[Round "?"]
[White "Schmidt, Volkmar"]
[Black "Schmidt, Theo"]
[Result "1/2-1/2"]
[WhiteElo "2140"]
[BlackElo "2146"]
[PlyCount "70"]
[EventDate "2014.04.16"]
[EventType "tourn (corr)"]
[EventRounds "8"]
[EventCountry "GER"]
[SourceTitle "Corr 2020"]
[Source "ChessBase"]
[SourceDate "2019.09.30"]
[SourceVersion "1"]
[SourceVersionDate "2019.09.30"]
[SourceQuality "1"]

1. e4 c5 2. Nf3 d6 3. d4 cxd4 4. Nxd4 Nf6 5. Nc3 a6 6. Be3 e5 7. Nb3 Be6 8. f3 Be7 9. Qd2 0-0 10. 0-0-0 Nbd7 11. g4 b5 12. g5 b4 13. Ne2 Ne8 14. f4 a5 15. f5 Bxb3 16. cxb3 a4 17. bxa4 Rxa4 18. Kb1 Rxa2 19. Nc1 Ra8 20. Nb3 Qc7 21. Bb5 Nc5 22. Nxc5 dxc5 23. f6 gxf6 24. gxf6 Bxf6 25. Rhg1+ Kh8 26. Bh6 Qa7 27. Bc4 Bg7 28. Qd6 Rg8 29. Qc6 b3 30. Bxb3 Bxh6 31. Rxg8+ Kxg8 32. Qxh6 c4 33. Bxc4 Qa1+ 34. Kc2 Qa4+ 35. b3 Qa2+ 1/2-1/2

[Event "GER-ch45 V08 email"]
[Site "GER email"]
[Date "2013.03.27"]
[Round "?"]
[White "Balzert, Antonius"]
[Black "Schmidt, Volkmar"]
[Result "1/2-1/2"]
[WhiteElo "2108"]
[BlackElo "2143"]
[PlyCount "111"]
[EventDate "2013.04.08"]
[EventType "tourn (corr)"]
[EventRounds "12"]
[EventCountry "GER"]
[SourceTitle "Corr 2015"]
[Source "ChessBase"]
[SourceDate "2015.07.17"]
[SourceVersion "1"]
[SourceVersionDate "2015.07.17"]
[SourceQuality "1"]

1. e4 c5 2. Nf3 d6 3. d4 cxd4 4. Nxd4 Nf6 5. Nc3 a6 6. Bg5 e6 7. f4 Qb6 8. Qd2 Qxb2 9. Rb1 Qa3 10. e5 h6 11. Bh4 dxe5 12. fxe5 Nfd7 13. Ne4 Qxa2 14. Rd1 Qd5 15. Qe3 Qxe5 16. Be2 Bc5 17. Bg3 Bxd4 18. Rxd4 Qa5+ 19. Rd2 0-0 20. Bd6 Rd8 21. Qg3 Qf5 22. Be5 Qg6 23. Qh4 Nc6 24. Bh5 Qf5 25. Bxg7 Nc5 26. Nxc5 Kxg7 27. Rf1 Qe5+ 28. Ne4 Qa1+ 29. Rd1 Rxd1+ 30. Bxd1 Qe5 31. Rf6 Qxe4+ 32. Qxe4 Kxf6 33. Qh4+ Kg7 34. Bf3 Bd7 35. Qg3+ Kf8 36. Qc7 Ke8 37. Qxb7 Rc8 38. Qxa6 Nd4 39. c4 Nxf3+ 40. gxf3 Rc6 41. Qb5 e5 42. Kf2 Re6 43. Qb8+ Ke7 44. Qc7 Ke8 45. Ke1 Rc6 46. Qb7 Rd6 47. Qb8+ Ke7 48. c5 Re6 49. Qa7 Ke8 50. Kd2 Bc6 51. f4 exf4 52. Qb8+ Kd7 53. Qxf4 Ke7 54. Qc7+ Kf8 55. Qd8+ Kg7 56. h4 1/2-1/2

[Event "GER-ch45 V08 email"]
[Site "GER email"]
[Date "2013.03.27"]
[Round "?"]
[White "Schmidt, Volkmar"]
[Black "Fritsche, Frank"]
[Result "1/2-1/2"]
[WhiteElo "2143"]
[BlackElo "2172"]
[PlyCount "66"]
[EventDate "2013.04.08"]
[EventType "tourn (corr)"]
[EventRounds "12"]
[EventCountry "GER"]
[SourceTitle "Corr 2015"]
[Source "ChessBase"]
[SourceDate "2015.07.17"]
[SourceVersion "1"]
[SourceVersionDate "2015.07.17"]
[SourceQuality "1"]

1. e4 c5 2. Nf3 Nc6 3. d4 cxd4 4. Nxd4 Nf6 5. Nc3 e5 6. Ndb5 d6 7. Bg5 a6 8. Na3 b5 9. Bxf6 gxf6 10. Nd5 f5 11. Bd3 Be6 12. 0-0 Bxd5 13. exd5 Ne7 14. Nxb5 Bg7 15. Nc3 e4 16. Be2 Ng6 17. Qd2 0-0 18. Rae1 Be5 19. f4 exf3 20. Rxf3 Qb6+ 21. Kh1 Qxb2 22. Na4 Qd4 23. Qxd4 Bxd4 24. Rd1 Rfe8 25. Bf1 Be3 26. Rxf5 Rac8 27. Rf3 Rxc2 28. Re1 Rc1 29. Rxc1 Bxc1 30. Bxa6 Re4 31. Bb5 Rd4 32. Rd3 Re4 33. Rd1 Ba3 1/2-1/2